| 000 | 00739nam a2200289Ia 4500 | ||
|---|---|---|---|
| 008 | 190123s9999 xx 000 0 und d | ||
| 020 | _a9780531147825 | ||
| 050 | _bT238 2008 | ||
| 100 | _aTaylor-Butler, Christine | ||
| 245 | 0 | _aExplorers of North America / | |
| 245 | 0 | _cby Christine Taylor-Butler. | |
| 260 | _aNew York, New York : | ||
| 260 | _bChildren's Press, | ||
| 260 | _c2008 | ||
| 300 | _a48 pages : | ||
| 300 | _bcolored illustrations ; | ||
| 300 | _c21cm. | ||
| 440 | _aA true book. | ||
| 500 | _a650L | ||
| 650 | _aAmerica. | ||
| 650 | _aDiscoveries in geography. | ||
| 650 | _aDiscovery and exploration. | ||
| 650 | _aEurope. | ||
| 650 | _aNorth America. | ||
| 700 | _aSeries. | ||
| 700 | _aTitle. | ||
| 999 |
_c361049 _d361049 |
||